Author Initials Quiz - Statistics

General Stats
  • This quiz has been taken 42 times
  • The average score is 13 of 18
Answer Stats
Hint Answer % Correct
Harry Potter series {J}.{K}. Rowling
97%
The Chronicles of Narnia {C}.{S} Lewis
94%
The Catcher in the Rye {J}.{D}. Salinger
91%
The Love Song of J. Alfred Prufrock {T}.{S}. Eliot
91%
Winnie-the-Pooh {A.A} Milne
89%
The War of the Worlds {H}.{G}. Wells
89%
The Lord of the Rings {J}.{R}.{R}. Tolkien
89%
A Game of Thrones George {R}.{R}. Martin
86%
I carry your heart with me {E}.{E}. Cummings
74%
The Call of Cthulhu {H}.{P}. Lovecraft
74%
Peter Pan {J}.{M}. Barrie
71%
Charlotte's Web {E}.{B}. White
69%
Thank You, Jeeves {P}.{G}. Wodehouse
66%
Funeral Blues {W}.{H}. Auden
60%
Anne of Green Gables {L}.{M}. Montgomery
54%
Father Brown mysteries {G}.{K}. Chesterton
51%
The Outsiders {S}.{E}. Hinton
49%
Flowers in the Attic {V}.{C}. Andrews
40%
No matching quizzes found
Score Distribution
Percent of People with Each Score
Percentile by Number Answered
Your Score History
You have not taken this quiz